Mit Hinweisen über Grenzen gehen #2 - Statistiken

Allgemein
  • Dieses Quiz wurde 3.541 mal gespielt
  • Das Durchschnittsergebnis liegt bei 17 aus 21
Antwortstatistiken
Hinweis Land % Korrekt
Teilt die Spitze des Mt. Everests mit dem nächsten Land Nepal
97%
Wurde 1990 wiedervereint Deutschland
95%
Andersson ist der häufigste Familienname Schweden
95%
Ist mit dem obigen Land durch die Öresundbrücke verbunden Dänemark
93%
Die Flagge besteht aus einem blauen Kreuz auf weißem Grund Finnland
93%
Geburtsland des berühmten Pantomimen Marcel Marceau Frankreich
93%
Dschinghis Khan ist hier geboren Mongolei
92%
Der Gelbe Fluss fließt durch dieses Land China
90%
Der Baikalsee ist sein größter See Russland
89%
Das größte Land Afrikas nach Landfläche Algerien
88%
Hat die höchste durchschnittliche Höhe aller europäischen Länder Andorra
83%
Europäisches Land mit zwei kleinen Exklaven Spanien
82%
Die Stadt Fez kann man hier finden Marokko
79%
Sein Name beschreibt seine Position im Zentrum des Kontinents Zentralafrikanische Republik
79%
Amtssprachen inkludieren Zulu, Xhosa und Afrikaans Südafrika
78%
Das einzige Land Afrikas, das komplett von einem anderen umgeben ist Lesotho
77%
Bis 2011 von "Oberst" Gaddafi geführt Libyen
77%
War früher bekannt als Zaire Demokratische Republik Kongo
69%
Benannt nach einem großen, flachen See, der vom Austrocknen bedroht ist Tschad
61%
Der Sambesi (Fluss) markiert die südliche Grenze Sambia
58%
Druckte 2009 einen 100-Billionen-Dollar-Schein Simbabwe
53%
Keine übereinstimmenden Quizze gefunden
Verteilung der Resultate
Anzahl Personen mit jedem Resultat
Perzentil nach korrekt beantworteten Fragen
Ihre Resultats-Entwicklung
Sie haben dieses Quiz noch nicht gespielt